000
00321nam a2200121Ia 4500
008
150731s2014 xx 000 0 und d
082
_a
617
_b
O 14 B
100
_a
BHALLA, PRAMILA.
245
_a
TEXTBOOK FOR OPERATION ROOM TEEHRICIONS
260
_b
AHUJA PUBLISHING HOUSE DELHI
_c
2014
300
_a
338
942
_2
ddc
_c
BK
_0
1
999
_c
7957
_d
7957